Statistics for Countries with embassies and consulates in San Francisco

Click here to take the quiz!

General Stats

  • This quiz has been taken 46 times
  • The average score is 30 of 36

Answer Stats

ContinentCountry% Correct
OceaniaAustralia
95%
EuropeFrance
95%
EuropeGermany
95%
EuropeItaly
95%
EuropeUnited Kingdom
95%
South AmericaBrazil
93%
North AmericaCanada
93%
AsiaChina
93%
South AmericaColombia
93%
South AmericaChile
90%
AsiaIndia
90%
EuropeSpain
90%
EuropeSweden
90%
AsiaVietnam
90%
EuropeGreece
88%
EuropeNorway
88%
North AmericaGuatemala
86%
North AmericaHonduras
86%
AsiaJapan
86%
North AmericaMexico
86%
South AmericaPeru
86%
Europethe Netherlands
86%
AsiaIsrael
83%
EuropePortugal
83%
South AmericaVenezuela
83%
AsiaIndonesia
81%
AsiaSouth Korea
81%
EuropeSwitzerland
81%
North AmericaEl Salvador
79%
North AmericaNicaragua
79%
Asiathe Philippines
79%
EuropeUkraine
71%
AsiaSingapore
62%
OceaniaTonga
62%
EuropeLuxembourg
52%
AsiaMongolia
33%

Score Distribution

Percentile by Number Answered

Percent of People with Each Score

Your Score History

You have not taken this quiz